000 01037nam a22003617a 4500
003 DO-SdBPM
005 20250730073239.0
007 ta
008 06072112007 mx 1 spa
017 _a
_b
020 _a9780073381497
035 _a
040 _aDO-SdBPM
_bspa
_cBPMSU
_erda
082 4 _a658.3
_bN558c 2007
_222
100 1 _aNewstrom, John W.
_eautor
245 1 0 _aComportamiento en el trabajo /
_cJohn W. Newstrom
_h
250 _a13a. ed.
260 _e
_f
264 _aMéxico :
_bMcGraw-HILL Editores,
_c2007
300 _a547 páginas ;
_c26 cm.
336 _atexto
_btxt
_2rdacontent
337 _asin mediación
_bn
_2rdamedia
338 _avolumen
_bnc
_2rdacarrier
500 _aIncluye índice
500 _a
590 _aInventariado, 2025/VM
650 7 _aAdministración de personal
_2
650 7 _aPlanificación de recursos humanos
_2
650 7 _aRelaciones industriales
910 _aVMateo V. Control de calidad. BPMSU
942 _2ddc
_cBK
980 _a
_a
_b
_j
_c
999 _c15288
_d15288